000
00173 a2200097 4500
020
_a
9781426305269
041
_a
eng
100
_a
Mara, Wil
245
_a
Trucks
942
_c
BK
999
_c
31785
_d
31783